000 00667nam a2200241Ia 4500
003 OSt
005 20221005095154.0
006 a|||||r|||| 00| 0
007 ta
008 221004b |||||||| |||| 00| 0 mal d
024 _a55105
037 _cTextual
040 _aCRL
_cCRL
_bmal
041 _2mal
_amal
082 _aO32,1N024,1, M2
100 _aDevasia Pravithanam P.M. Au.
_9619878
245 0 _aRajakkanmar
260 _aPalai
_bDeepanalam printings
_c1982
300 _a243p.
_ccm.
650 _aMALAYALAM POETRY
_9185636
942 _hO32,1N024,1, M2
_cTEXL
_2cc
999 _c1003094
_d1003094